000 00292nam a22001337a 4500
008 170726b xxu||||| |||| 00| 0 eng d
020 _a790145186829
041 _aeng
080 _a004
100 _a30
101 _aSHK
245 _aMICROSOFT WINDOWS SECURITY
_cSMITH,B
942 _2udc
_cBK
999 _c21922
_d21922